00463 2200181 4500001002100000005001500021008004100036020001800077035001900095041000700114082001400121090002000135100002100155245002200176260003700198300001800235650002800253INLIS00000000001991020241224115805241224||||||||| | ||| |||| || |  a979-692-964-3 0010-1224019910 aid0 aRef 591.6 aRef 591.6 TAM e0 aTamara Nurmutiah00aENSIKLOPEDIA ANAK aBandungbRemaja Rosdakaryac2010 a55hlm;21x28cm 0aIlmu-Ilmu Tentang Hewan